| 000 | 00731nam a22002537a 4500 | ||
|---|---|---|---|
| 003 | OSt | ||
| 005 | 20140310184300.0 | ||
| 008 | 121110t xxu||||| |||| 00| 0 eng d | ||
| 020 | _a0590871765 | ||
| 050 |
_aQL 668 _b.C875 1999 |
||
| 100 |
_aCowley, Joy. _923015 |
||
| 245 |
_aRed-eyed Tree Frog _cStory by Joy Cowley; Illustrated with photographs by Nic Bishop |
||
| 260 |
_aNew York, NY; _bScholastic Inc., _c1999. |
||
| 300 |
_a32 p. : _bill.: col. ; _c21 cm. |
||
| 521 | _aG2 | ||
| 526 | _c350 | ||
| 541 | _j1 | ||
| 541 | _j1 | ||
| 562 | _e2 | ||
| 650 |
_aHylidae _xJuvenile literature. _zCentral America _923016 |
||
| 650 |
_aTree frogs. _923017 |
||
| 650 |
_a Frogs. _920806 |
||
| 942 |
_2lcc _cBK-SCHOLAS |
||
| 999 |
_c33446 _d33446 |
||